[Event "3rd Julian Borowski A"]
[Site "Essen GER"]
[Date "2001.05.02"]
[Round "1"]
[White "Romanishin,O"]
[Black "Smagin,S"]
[Result "1-0"]
[WhiteElo "2559"]
[BlackElo "2613"]
[EventDate "2001.05.02"]

1. Nf3 d5 2. d4 e6 3. g3 c5 4. Bg2 Nc6 5. O-O Nf6 6. c4 dxc4 7. Ne5 Bd7 8.
Nxc4 cxd4 9. Bf4 Nd5 10. Nd6+ Bxd6 11. Bxd6 Nde7 12. Nd2 O-O 13. Qb3 Bc8
14. Ba3 Re8 15. Rac1 Nf5 16. Ne4 e5 17. Nc5 Nd6 18. Bd5 Kh8 19. Nxb7 Nxb7
20. Bxc6 Na5 21. Qxf7 Nxc6 22. Rxc6 Qd7 23. Qxd7 Bxd7 24. Rc5 a6 25. Rd1
Bb5 26. Rd2 Rad8 27. Bb4 e4 28. b3 e3 29. fxe3 Rxe3 30. a4 Be8 31. Ba5 Rb8
32. Kf2 Re4 33. Rd3 Bf7 34. Bd2 h6 35. b4 Rbe8 36. e3 dxe3+ 37. Rxe3 Rxe3
38. Bxe3 Bb3 39. a5 Ba4 40. Rc7 Kg8 41. Bd4 Rf8+ 42. Ke3 Rf7 43. Rc8+ Kh7
44. Rc5 g5 45. Re5 Bd7 46. Kd2 Kg6 47. Rd5 Kh5 48. Rd6 Bb5 49. h3 g4 50.
Rd5+ Kg6 51. hxg4 Rd7 52. Rxb5 axb5 53. Ke3 Kf7 54. a6 Ke6 55. a7 Rd8 56.
Ke4 Kd6 57. Be3 Ra8 58. Bf4+ Kc6 59. Bb8 1-0

[Event "3rd Julian Borowski A"]
[Site "Essen GER"]
[Date "2001.05.02"]
[Round "1"]
[White "Jussupow,A"]
[Black "Sutovsky,E"]
[Result "1-0"]
[WhiteElo "2645"]
[BlackElo "2604"]
[EventDate "2001.05.02"]

1. d4 Nf6 2. c4 g6 3. Nc3 d5 4. cxd5 Nxd5 5. e4 Nxc3 6. bxc3 Bg7 7. Bc4 c5
8. Ne2 Nc6 9. Be3 O-O 10. O-O Bg4 11. f3 Na5 12. Bxf7+ Rxf7 13. fxg4 Rxf1+
14. Kxf1 cxd4 15. cxd4 e5 16. Kg1 Rc8 17. d5 Nc4 18. Bf2 Nd6 19. Ng3 Bh6
20. h4 Bf4 21. g5 Qd7 22. Qf3 Rf8 23. Qe2 Qc8 24. Nf1 Bc1 25. g3 Ba3 26.
Kg2 Qc3 27. Rb1 Bc5 28. Bxc5 Qxc5 29. Nh2 Rc8 30. Ng4 Qc2 31. Rb2 Qxe2+ 32.
Rxe2 Kg7 33. Kf3 Nf7 34. Re3 Kf8 35. Ra3 Ke7 36. Rxa7 Rc3+ 37. Kg2 Nd6 38.
Nf6 h6 39. Ng8+ Kf7 40. Nxh6+ Kg7 41. Ng4 Rc2+ 42. Kf3 Rc3+ 43. Ke2 1-0

[Event "3rd Julian Borowski A"]
[Site "Essen GER"]
[Date "2001.05.02"]
[Round "1"]
[White "Lutz,C"]
[Black "Kasimdzhanov,R"]
[Result "1/2-1/2"]
[WhiteElo "2614"]
[BlackElo "2693"]
[EventDate "2001.05.02"]

1. e4 g6 2. d4 Bg7 3. Nf3 d6 4. Be2 Nf6 5. Nc3 O-O 6. O-O c6 7. a4 Qc7 8.
Be3 Nbd7 9. a5 e5 10. dxe5 dxe5 11. h3 Rd8 12. Qb1 Nf8 13. Qa2 Be6 14. Qa3
h6 15. Bc5 b5 16. Rfd1 Ne8 17. Rxd8 Rxd8 18. Rd1 Nd7 19. Be7 Rb8 20. a6 Rb6
21. Nh2 Qc8 22. Bg4 Bxg4 23. Nxg4 Rxa6 24. Qb3 h5 25. Nh2 Bf6 26. Bxf6
Nexf6 27. Nf3 Qf8 28. Ne2 Ra4 29. Ng5 Qe7 30. Qe3 Kg7 31. Nc3 Ra6 32. Ne2
Nc5 33. Ng3 h4 34. Nf1 Ra2 35. Rb1 Nh5 36. Nd2 Nf4 37. Ngf3 Ra4 38. Kh2 Nd7
39. Rd1 Ne6 40. Qc3 Nd4 41. b3 Nxf3+ 42. Nxf3 Ra6 43. b4 Ra2 1/2-1/2

[Event "3rd Julian Borowski A"]
[Site "Essen GER"]
[Date "2001.05.02"]
[Round "1"]
[White "Nijboer,F"]
[Black "Dautov,R"]
[Result "0-1"]
[WhiteElo "2580"]
[BlackElo "2631"]
[EventDate "2001.05.02"]

1. e4 c6 2. d4 d5 3. e5 Bf5 4. Nf3 e6 5. Be2 Nd7 6. O-O Bg6 7. a3 Nh6 8.
Nbd2 Be7 9. c4 O-O 10. b3 f6 11. Bb2 fxe5 12. dxe5 Nf5 13. b4 a5 14. Qb3
Bh5 15. Rad1 axb4 16. axb4 Qb6 17. c5 Bxf3 18. Bxf3 Qc7 19. Nc4 b6 20. cxb6
Nxb6 21. Ne3 Nxe3 22. fxe3 Nc4 23. Bg4 Rxf1+ 24. Kxf1 Rb8 25. Bxe6+ Kh8 26.
Bd4 Bxb4 27. Qd3 Nxe5 28. Qc2 Nc4 29. Kg1 Bd6 30. Rf1 Bxh2+ 31. Kh1 Be5 32.
Qf5 Qd6 33. Qf7 Bxd4 34. exd4 Nd2 35. Rf4 Ne4 36. Qf5 0-1

[Event "3rd Julian Borowski A"]
[Site "Essen GER"]
[Date "2001.05.03"]
[Round "2"]
[White "Bischoff,K"]
[Black "Dautov,R"]
[Result "1/2-1/2"]
[WhiteElo "2533"]
[BlackElo "2631"]
[EventDate "2001.05.02"]

1. e4 c6 2. d4 d5 3. exd5 cxd5 4. Bd3 Nc6 5. c3 Qc7 6. h3 g6 7. Ne2 Bf5 8.
Bxf5 gxf5 9. g4 fxg4 10. hxg4 e6 11. Bf4 Bd6 12. Bxd6 Qxd6 13. Qd3 Nf6 14.
g5 Ne4 15. Nd2 Nxg5 16. f4 Ne4 17. Nxe4 dxe4 18. Qxe4 O-O-O 19. Rxh7 f5 20.
Qh1 Rxh7 21. Qxh7 Ne7 22. Qh5 1/2-1/2

[Event "3rd Julian Borowski A"]
[Site "Essen GER"]
[Date "2001.05.03"]
[Round "2"]
[White "Kasimdzhanov,R"]
[Black "Nijboer,F"]
[Result "1-0"]
[WhiteElo "2693"]
[BlackElo "2580"]
[EventDate "2001.05.02"]

1. d4 Nf6 2. c4 g6 3. Nc3 Bg7 4. e4 d6 5. f3 O-O 6. Be3 Nbd7 7. Nh3 e5 8.
d5 Nh5 9. Qd2 f5 10. O-O-O f4 11. Bg1 Bf6 12. Nf2 Be7 13. Nd3 Rf7 14. b4
Nf8 15. c5 g5 16. Be2 Ng6 17. Bf2 Nf6 18. Kb2 Bd7 19. c6 bxc6 20. dxc6 Be6
21. b5 a6 22. Nb4 axb5 23. Bxb5 Bf8 24. Qe2 Ne7 25. a4 d5 26. exd5 Bf5 27.
Qxe5 Ne8 28. Rhe1 Ng6 29. Qd4 Nd6 30. Kb3 Rb8 31. Qd2 g4 32. Ba7 Ra8 33.
Bd4 Qh4 34. Ne4 gxf3 35. gxf3 Nxe4 36. fxe4 Bg4 37. Rc1 f3 38. Qf2 Qe7 39.
Bc5 Qe5 40. Nd3 Bxc5 41. Rxc5 1-0

[Event "3rd Julian Borowski A"]
[Site "Essen GER"]
[Date "2001.05.03"]
[Round "2"]
[White "Sutovsky,E"]
[Black "Lutz,C"]
[Result "0-1"]
[WhiteElo "2604"]
[BlackElo "2614"]
[EventDate "2001.05.02"]

1. e4 c5 2. Nf3 e6 3. d3 Nc6 4. g3 Nge7 5. h4 d5 6. h5 e5 7. h6 dxe4 8.
dxe4 Qxd1+ 9. Kxd1 Bg4 10. Be2 O-O-O+ 11. Ke1 gxh6 12. c3 f5 13. Bxh6 Bxh6
14. Rxh6 fxe4 15. Ng5 Bxe2 16. Kxe2 Nf5 17. Rh1 e3 18. Nf7 exf2 19. Kxf2
Nxg3 20. Kxg3 Rhg8+ 21. Kh4 Rd7 22. Rf1 Ne7 23. Nh6 Rg2 24. Na3 Ng6+ 25.
Kh3 Rg5 26. Rf5 Rd3+ 27. Kh2 Rgg3 28. Nf7 Nh4 29. Rf2 Rh3+ 30. Kg1 Rdg3+
31. Kf1 Rh1+ 32. Ke2 Rxa1 33. Nd6+ Kd7 34. Ne4 Rg2 35. Nxc5+ Kc6 36. Nd3
Rxf2+ 37. Kxf2 Ng6 0-1

[Event "3rd Julian Borowski A"]
[Site "Essen GER"]
[Date "2001.05.03"]
[Round "2"]
[White "Smagin,S"]
[Black "Jussupow,A"]
[Result "1/2-1/2"]
[WhiteElo "2613"]
[BlackElo "2645"]
[EventDate "2001.05.02"]

1. e4 e5 2. Nf3 Nf6 3. Nc3 Nc6 4. Bb5 Bb4 5. O-O O-O 6. d3 d6 7. Bg5 Bxc3
8. bxc3 Bd7 9. Rb1 h6 10. Bh4 a6 11. Ba4 Rb8 12. Bb3 Qe7 13. Qc1 Na5 14.
Re1 Nxb3 15. cxb3 Qe6 16. d4 Nh7 17. Bg3 1/2-1/2

[Event "3rd Julian Borowski A"]
[Site "Essen GER"]
[Date "2001.05.03"]
[Round "2"]
[White "Gurevich,M"]
[Black "Romanishin,O"]
[Result "1-0"]
[WhiteElo "2688"]
[BlackElo "2559"]
[EventDate "2001.05.02"]

1. d4 Nf6 2. c4 e6 3. Nc3 Bb4 4. Qc2 d5 5. cxd5 Qxd5 6. e3 O-O 7. Bd2 Bxc3
8. Bxc3 a5 9. a3 Bd7 10. Nf3 Rc8 11. Be2 Bc6 12. O-O Nbd7 13. Rfc1 Ne4 14.
Ne1 Qg5 15. Bd3 Ndf6 16. Nf3 Qd5 17. Ne5 Bb5 18. Bxb5 Qxb5 19. Be1 Nd6 20.
f3 a4 21. e4 Nd7 22. Nd3 f5 23. e5 Ne8 24. Nf4 Ra6 25. Qf2 Rc6 26. Bb4 Nb6
27. Rc5 Rxc5 28. dxc5 Nd7 29. Nxe6 Qc4 30. Nd4 Nxe5 31. Nxf5 Qf7 32. Qc2
Rd8 33. Qe4 Nc6 34. Bc3 Nf6 35. Qxa4 Qd5 36. Qf4 Qxc5+ 37. Kh1 1-0

[Event "3rd Julian Borowski A"]
[Site "Essen GER"]
[Date "2001.05.04"]
[Round "3"]
[White "Romanishin,O"]
[Black "Bischoff,K"]
[Result "1/2-1/2"]
[WhiteElo "2559"]
[BlackElo "2533"]
[EventDate "2001.05.02"]

1. Nf3 Nf6 2. c4 e6 3. g3 d5 4. Bg2 Be7 5. d4 O-O 6. O-O Nbd7 7. Qd3 c6 8.
Nc3 b6 9. b3 a5 10. Rd1 Ba6 11. Bb2 b5 12. cxb5 cxb5 13. Nxb5 Ne4 14. a4
Rb8 15. Rdc1 Qb6 16. Bf1 Bxb5 17. axb5 Qxb5 18. Qxb5 Rxb5 19. Rc7 Rd8 20.
Ba3 Bf6 21. Rb1 Rbb8 22. e3 a4 23. b4 Be7 24. Bd3 Bd6 25. Rc6 Ndf6 26. h3
g5 27. g4 1/2-1/2

[Event "3rd Julian Borowski A"]
[Site "Essen GER"]
[Date "2001.05.04"]
[Round "3"]
[White "Jussupow,A"]
[Black "Gurevich,M"]
[Result "1/2-1/2"]
[WhiteElo "2645"]
[BlackElo "2688"]
[EventDate "2001.05.02"]

1. d4 d5 2. c4 c6 3. Nf3 Nf6 4. e3 Bf5 5. Nc3 e6 6. Nh4 Bg6 7. Qb3 Qc7 8.
Nxg6 hxg6 9. g3 Nbd7 10. Bd2 Nb6 11. c5 Nbd7 12. Qd1 e5 13. Bg2 Be7 14. b4
O-O 15. O-O Rfe8 16. b5 Nf8 17. Qa4 Ne6 18. Rab1 Nd7 19. bxc6 bxc6 20. Nxd5
cxd5 21. Ba5 Qc8 22. Bxd5 exd4 23. exd4 Ndxc5 24. dxc5 Nxc5 25. Qc4 Ne6 26.
Qc6 Rb8 27. Rfc1 Qxc6 28. Bxc6 Rxb1 29. Rxb1 Rc8 30. Ba4 Nc5 31. Bc2 Bd8
32. Bd2 1/2-1/2

[Event "3rd Julian Borowski A"]
[Site "Essen GER"]
[Date "2001.05.04"]
[Round "3"]
[White "Lutz,C"]
[Black "Smagin,S"]
[Result "1-0"]
[WhiteElo "2614"]
[BlackElo "2613"]
[EventDate "2001.05.02"]

1. e4 e5 2. Nf3 Nc6 3. Bb5 a6 4. Ba4 Nf6 5. O-O Be7 6. Re1 b5 7. Bb3 d6 8.
c3 O-O 9. h3 Nd7 10. d4 Bf6 11. a4 Bb7 12. Na3 exd4 13. cxd4 Re8 14. axb5
axb5 15. Bf4 Na5 16. Bc2 b4 17. Nb5 Bc6 18. Qd3 b3 19. Bb1 Qb8 20. Nc3 g6
21. Rc1 Nb6 22. Nd2 Bd7 23. Ra3 Bg7 24. Be3 c6 25. Qf1 d5 26. exd5 cxd5 27.
Bd3 Bf8 28. Raa1 Bb4 29. Bb5 Qd6 30. Bxd7 Qxd7 31. Qd3 Rec8 32. Nd1 Rxc1
33. Rxc1 Qa4 34. Bh6 Re8 35. Ne3 Bxd2 36. Qxd2 Nac4 37. Nxc4 Nxc4 38. Qf4
Qc6 39. Qf3 f6 40. Qxb3 g5 41. h4 gxh4 42. Qh3 Qe6 43. Qxh4 Qf5 44. b3 Na5
45. Rc7 Kh8 46. Bg7+ 1-0

[Event "3rd Julian Borowski A"]
[Site "Essen GER"]
[Date "2001.05.05"]
[Round "4"]
[White "Bischoff,K"]
[Black "Kasimdzhanov,R"]
[Result "0-1"]
[WhiteElo "2533"]
[BlackElo "2693"]
[EventDate "2001.05.02"]

1. c4 e6 2. Nc3 d5 3. d4 Nf6 4. Bg5 Be7 5. e3 h6 6. Bh4 O-O 7. Rc1 b6 8.
cxd5 Nxd5 9. Nxd5 exd5 10. Bxe7 Qxe7 11. Ne2 Rd8 12. g3 Qe4 13. Rg1 Qe7 14.
Bg2 Bb7 15. Bf3 c5 16. Kf1 Nd7 17. Kg2 Nf6 18. h4 Rac8 19. Qa4 Bc6 20. Qa3
Bd7 21. Rgd1 Bg4 22. Bxg4 Nxg4 23. Qd3 c4 24. Qf5 Nf6 25. g4 Ne4 26. Nf4
Qxh4 27. Nxd5 Nxf2 28. Rh1 Nxh1 29. Rxh1 Rxd5 30. Rxh4 Rxf5 31. gxf5 Kf8
32. Kf3 Ke7 33. Rg4 Kf6 34. e4 Rd8 35. Ke3 h5 36. e5+ Kxf5 37. Rxg7 Rf8 38.
Rg1 Rh8 39. Rf1+ Ke6 40. Ke4 h4 41. d5+ Ke7 42. d6+ Ke8 43. Kd5 h3 44. Kxc4
h2 45. Rh1 Kd7 46. Kb5 Rh5 47. Ka6 Rxe5 48. Rxh2 Ra5+ 49. Kb7 Kxd6 50. a3
f5 51. Rh3 f4 52. b4 Ra4 53. Rd3+ Ke5 54. Kc6 Ke4 55. Rc3 f3 56. Kb5 f2 57.
Kxa4 f1=Q 58. Rc7 Qd1+ 59. Kb5 Qd3+ 60. Ka4 a6 0-1

[Event "3rd Julian Borowski A"]
[Site "Essen GER"]
[Date "2001.05.05"]
[Round "4"]
[White "Sutovsky,E"]
[Black "Dautov,R"]
[Result "1-0"]
[WhiteElo "2604"]
[BlackElo "2631"]
[EventDate "2001.05.02"]

1. e4 c6 2. d4 d5 3. e5 Bf5 4. Nc3 e6 5. g4 Bg6 6. Nge2 Ne7 7. f4 Na6 8.
Ng3 Nb4 9. f5 exf5 10. a3 f4 11. axb4 fxg3 12. hxg3 Nc8 13. b5 Bb4 14. bxc6
bxc6 15. Bd3 Ne7 16. Bg5 Qd7 17. Bxe7 Bxe7 18. Bxg6 fxg6 19. O-O Rf8 20.
Qe2 Rxf1+ 21. Rxf1 Qe6 22. Kg2 a5 23. Na4 Rb8 24. Rf4 Rb4 25. b3 g5 26. Rf2
Rb5 27. Qf3 Rb7 28. Qd3 g6 29. Qa6 Rb8 30. Qa7 Rd8 31. Nc5 Qxg4 32. e6 h5
33. Qc7 Rd6 34. Qb8+ Rd8 35. Qe5 1-0

[Event "3rd Julian Borowski A"]
[Site "Essen GER"]
[Date "2001.05.05"]
[Round "4"]
[White "Smagin,S"]
[Black "Nijboer,F"]
[Result "1/2-1/2"]
[WhiteElo "2613"]
[BlackElo "2580"]
[EventDate "2001.05.02"]

1. e4 c5 2. c3 Nf6 3. e5 Nd5 4. Nf3 Nc6 5. d4 cxd4 6. Bc4 Nb6 7. Bb3 d5 8.
exd6 Qxd6 9. O-O Be6 10. Bxe6 Qxe6 11. Nxd4 Nxd4 12. Qxd4 Rd8 13. Qf4 Qc6
14. Nd2 g6 15. Qe5 f6 16. Qe2 Bg7 17. a4 O-O 18. Qxe7 Rfe8 19. Qb4 f5 20.
Qb3+ Qd5 21. a5 Qxb3 22. Nxb3 Nc4 23. Ra4 Rc8 24. Rb4 b6 25. axb6 axb6 26.
Nd2 Ne5 27. Rxb6 Nd3 28. Rd6 Rcd8 29. Rxd8 Rxd8 30. Nb1 Re8 31. b4 Re2 32.
g3 Ne1 33. Be3 g5 34. b5 Be5 35. Bxg5 Nf3+ 36. Kh1 Nxg5 37. f4 Bxf4 38.
gxf4 Ne4 39. c4 Kf7 40. Rc1 Nf2+ 41. Kg1 Nh3+ 42. Kf1 Rxh2 43. Rc3 Nxf4 44.
Rb3 Rh1+ 45. Kf2 Rh2+ 46. Kg1 Rg2+ 47. Kf1 Rg8 48. Rf3 Ng6 49. Rxf5+ Ke6
50. Rh5 Ne5 51. Nd2 Rc8 52. Rh6+ Kf5 53. Ke2 Nxc4 54. Nxc4 Rxc4 55. Kd3 Rc7
56. b6 Rd7+ 57. Kc4 Kg5 58. Rh3 h5 59. Rd3 Rb7 60. Kc5 h4 61. Kc6 Rxb6+ 62.
Kxb6 Kg4 1/2-1/2

[Event "3rd Julian Borowski A"]
[Site "Essen GER"]
[Date "2001.05.05"]
[Round "4"]
[White "Gurevich,M"]
[Black "Lutz,C"]
[Result "1/2-1/2"]
[WhiteElo "2688"]
[BlackElo "2614"]
[EventDate "2001.05.02"]

1. d4 Nf6 2. c4 e6 3. Nc3 Bb4 4. Qc2 O-O 5. a3 Bxc3+ 6. Qxc3 b6 7. Bg5 Bb7
8. f3 h6 9. Bh4 d5 10. e3 Nbd7 11. cxd5 Nxd5 12. Bxd8 Nxc3 13. Bh4 Nd5 14.
Bf2 c5 15. e4 Ne7 16. Bb5 Nc6 17. Ne2 a6 18. Bd3 Rfd8 19. O-O-O cxd4 20.
Nxd4 Nxd4 21. Bxd4 Nc5 22. Bc2 Rac8 23. Bc3 Bc6 24. Rxd8+ Rxd8 25. Rd1
Rxd1+ 26. Bxd1 f6 27. Bd4 Kf7 28. Kd2 Ke7 29. e5 f5 30. Ke3 a5 31. Kd2 Bb5
32. Kc3 Kd7 33. b4 Na4+ 34. Kd2 axb4 35. axb4 Bc6 36. Ke3 b5 37. g4 fxg4
38. f4 h5 39. Kf2 Be4 40. Kg3 g6 41. Kh4 Kc6 42. Bb3 Bf5 43. Kg5 Nb6 44.
Bxb6 Kxb6 45. Ba2 1/2-1/2

[Event "3rd Julian Borowski A"]
[Site "Essen GER"]
[Date "2001.05.05"]
[Round "4"]
[White "Romanishin,O"]
[Black "Jussupow,A"]
[Result "1/2-1/2"]
[WhiteElo "2559"]
[BlackElo "2645"]
[EventDate "2001.05.02"]

1. Nf3 d5 2. d4 Nf6 3. c4 e6 4. g3 Bb4+ 5. Bd2 Be7 6. Bg2 O-O 7. O-O Nbd7
8. Qb3 c6 9. Bb4 b6 10. Bxe7 Qxe7 11. Nbd2 Bb7 12. Rac1 c5 13. Qa3 Rfe8 14.
Rfd1 e5 15. dxc5 e4 16. c6 Qxa3 17. bxa3 Bxc6 18. Nd4 Ba4 19. N2b3 Rad8 20.
cxd5 Nxd5 21. Nc6 Bxc6 22. Rxc6 Ne5 23. Rcc1 f5 24. Nd4 g6 25. Bf1 Nf6 26.
h3 Rd6 27. Nb5 1/2-1/2

[Event "3rd Julian Borowski A"]
[Site "Essen GER"]
[Date "2001.05.07"]
[Round "5"]
[White "Jussupow,A"]
[Black "Bischoff,K"]
[Result "1/2-1/2"]
[WhiteElo "2645"]
[BlackElo "2533"]
[EventDate "2001.05.02"]

1. d4 g6 2. g3 Bg7 3. Bg2 c5 4. c3 cxd4 5. cxd4 d5 6. Nc3 Nf6 7. Nf3 O-O 8.
Ne5 e6 9. O-O Nfd7 10. f4 Nc6 11. Be3 Nb6 12. Bf2 Bd7 13. e4 Ne7 14. Nxd7
Qxd7 15. e5 Rfc8 16. Qe2 Rc4 17. g4 Rac8 18. Rad1 Bf8 19. Bh3 Na4 20. Nxa4
Rxa4 21. b3 Ra6 22. Be3 Rac6 23. f5 Rc2 24. fxe6 fxe6 25. Rd2 Rxd2 26. Qxd2
Nc6 27. g5 Ne7 28. Rc1 1/2-1/2

[Event "3rd Julian Borowski A"]
[Site "Essen GER"]
[Date "2001.05.07"]
[Round "5"]
[White "Lutz,C"]
[Black "Romanishin,O"]
[Result "0-1"]
[WhiteElo "2614"]
[BlackElo "2559"]
[EventDate "2001.05.02"]

1. e4 e5 2. Nf3 Nc6 3. Bb5 a6 4. Ba4 Nf6 5. O-O Be7 6. Re1 d6 7. c3 Bg4 8.
d3 Nd7 9. h3 Bxf3 10. Qxf3 Nc5 11. Bc2 Bg5 12. Be3 Ne6 13. Nd2 O-O 14. Nf1
g6 15. Rad1 Bf6 16. b4 Bg7 17. Bb3 Qe7 18. Bc1 a5 19. b5 a4 20. Bxe6 fxe6
21. Qe2 Na7 22. Qb2 Qd7 23. c4 c5 24. bxc6 bxc6 25. c5 d5 26. Ne3 Nb5 27.
Bd2 h5 28. a3 Rf7 29. Rf1 Raf8 30. Nc2 Kh7 31. Qb4 Qa7 32. Qb2 Rc8 33. Bb4
Qe7 34. Rde1 d4 35. Rd1 Bh6 36. Ne1 Rcf8 37. Qc2 Be3 38. Nf3 Rxf3 39. gxf3
Qg5+ 40. Kh1 Rxf3 41. fxe3 Rxh3+ 42. Qh2 Rxh2+ 43. Kxh2 dxe3 0-1

[Event "3rd Julian Borowski A"]
[Site "Essen GER"]
[Date "2001.05.07"]
[Round "5"]
[White "Dautov,R"]
[Black "Smagin,S"]
[Result "1-0"]
[WhiteElo "2631"]
[BlackElo "2613"]
[EventDate "2001.05.02"]

1. d4 Nf6 2. Nf3 d5 3. c4 e6 4. Bg5 c6 5. Nbd2 Be7 6. e3 O-O 7. Bd3 h6 8.
Bh4 b6 9. O-O Bb7 10. Rc1 Nbd7 11. cxd5 exd5 12. Bf5 Re8 13. Qb3 a5 14. Ne5
a4 15. Qc2 Nxe5 16. dxe5 Nd7 17. Bxe7 Qxe7 18. f4 c5 19. e4 g6 20. Bh3 Nf8
21. exd5 Bxd5 22. Nc4 Bxc4 23. Qxc4 a3 24. bxa3 Rxa3 25. f5 g5 26. e6 Qf6
27. Bg4 Re7 28. Rcd1 Kg7 29. Rd6 Rc3 30. Qd5 fxe6 31. fxe6 Qd4+ 32. Qxd4+
cxd4 33. Rxd4 Re3 34. Rb4 Nxe6 35. Rxb6 Nf4 36. g3 Nd5 37. Rb3 R3e5 38. Bf3
Ne3 39. Re1 g4 40. Kf2 gxf3 41. Rbxe3 Rxe3 42. Rxe3 Ra7 43. a3 Rb7 44. Kxf3
1-0

[Event "3rd Julian Borowski A"]
[Site "Essen GER"]
[Date "2001.05.07"]
[Round "5"]
[White "Kasimdzhanov,R"]
[Black "Sutovsky,E"]
[Result "1/2-1/2"]
[WhiteElo "2693"]
[BlackElo "2604"]
[EventDate "2001.05.02"]

1. d4 Nf6 2. c4 g6 3. Nc3 d5 4. Nf3 Bg7 5. Qb3 dxc4 6. Qxc4 O-O 7. e4 Nc6
8. Be2 Bg4 9. d5 Na5 10. Qa4 Bxf3 11. Bxf3 c6 12. O-O b5 13. Qd1 b4 14. Na4
cxd5 15. exd5 Qd7 16. Bd2 Nc4 17. Bxb4 Ne5 18. Nc3 Rab8 19. a3 Rfd8 20. Be2
Nxd5 21. Nxd5 Qxd5 22. Bxe7 Qxd1 23. Raxd1 Re8 24. Bc5 Rxb2 25. Ba6 Rc2 26.
Rc1 Rxc1 27. Rxc1 Bf8 28. Kf1 Re6 29. Bb5 Bxc5 30. Rxc5 g5 31. Rc8+ Kg7 32.
Ra8 Re7 33. a4 f5 34. h3 Nf7 35. Bd3 f4 36. Rc8 Ne5 37. Be4 Nd7 38. Rc7 Kf6
39. Rxa7 Rxe4 40. Rxd7 Rxa4 41. Rxh7 Re4 1/2-1/2

[Event "3rd Julian Borowski A"]
[Site "Essen GER"]
[Date "2001.05.08"]
[Round "6"]
[White "Gurevich,M"]
[Black "Dautov,R"]
[Result "1/2-1/2"]
[WhiteElo "2688"]
[BlackElo "2631"]
[EventDate "2001.05.02"]

1. d4 d5 2. c4 c6 3. e3 Nf6 4. Bd3 e5 5. Nc3 exd4 6. exd4 Be7 7. Nf3 Bg4 8.
O-O dxc4 9. Bxc4 O-O 10. Re1 Nbd7 11. h3 Bxf3 12. Qxf3 Nb6 13. Bb3 Re8 14.
Bf4 Qxd4 15. Rad1 Qb4 16. Ne4 Nbd5 17. Be5 Qa5 18. Nd2 Bb4 19. Nc4 Qa6 20.
Re2 Re6 21. a3 Bf8 22. Rde1 Rae8 23. Bxf6 Rxe2 24. Rxe2 Rxe2 25. Qxe2 Nxf6
26. Qe3 Qb5 27. Ne5 Nd5 28. Qf3 f6 29. Nc4 a5 30. g3 h6 31. Ba2 Qc5 32. Qg4
Qe7 33. Ne3 Qe5 34. Nxd5 cxd5 35. Qd7 Kh7 36. Bxd5 Bc5 37. Kg2 h5 38. Qf7
Qe2 39. Qg8+ Kh6 40. h4 Qxf2+ 41. Kh3 Qf5+ 42. Kg2 Qf2+ 43. Kh3 Qf5+ 44.
Kg2 Qc2+ 45. Kh3 Qe2 46. Qe6 Qxe6+ 47. Bxe6 a4 48. Kg2 g6 49. Kf3 b6 50.
Bd5 Bd6 51. Be6 Bc5 52. Bd5 Kg7 53. Be6 Bd6 54. Bd5 Bc5 55. Be6 Bd6 56. Bd5
f5 57. Be6 Bc5 58. Bd5 Bd6 59. Be6 Kf6 60. Bd5 Bc5 61. Kg2 Bd6 62. Kf3 Ke7
63. Kg2 Kf6 64. Kf3 g5 65. hxg5+ Kxg5 66. Be6 Kf6 1/2-1/2

[Event "3rd Julian Borowski A"]
[Site "Essen GER"]
[Date "2001.05.08"]
[Round "6"]
[White "Romanishin,O"]
[Black "Nijboer,F"]
[Result "1-0"]
[WhiteElo "2559"]
[BlackElo "2580"]
[EventDate "2001.05.02"]

1. d4 Nf6 2. Nf3 g6 3. g3 Bg7 4. Bg2 O-O 5. c4 d6 6. O-O Nc6 7. Nc3 Rb8 8.
b3 a6 9. Nd5 Nh5 10. Bb2 e6 11. Nc3 b5 12. cxb5 axb5 13. Rc1 b4 14. Na4 Na5
15. Qc2 Ba6 16. Rfe1 c6 17. e4 Bb5 18. e5 Bxa4 19. bxa4 d5 20. a3 Bh6 21.
axb4 Nc4 22. Bc3 Bxc1 23. Qxc1 f6 24. a5 Ng7 25. Nd2 c5 26. dxc5 Nxe5 27.
Qa3 Nc6 28. a6 Na7 29. Nb3 Qd7 30. Qa1 e5 31. Na5 Kh8 32. Nb7 Nf5 33. Rd1
d4 34. Bd2 Qe6 35. Rb1 e4 36. b5 e3 37. fxe3 Nxe3 38. Bxe3 Qxe3+ 39. Kh1
Rfe8 40. b6 Nb5 41. a7 Ra8 42. Nd6 Nxd6 43. cxd6 1-0

[Event "3rd Julian Borowski A"]
[Site "Essen GER"]
[Date "2001.05.08"]
[Round "6"]
[White "Jussupow,A"]
[Black "Lutz,C"]
[Result "0-1"]
[WhiteElo "2645"]
[BlackElo "2614"]
[EventDate "2001.05.02"]

1. d4 Nf6 2. Nf3 e6 3. c4 b6 4. g3 Ba6 5. b3 Bb4+ 6. Bd2 Be7 7. Bg2 c6 8.
O-O d5 9. Qc2 O-O 10. Rd1 Nbd7 11. Bf4 Rc8 12. Nc3 Nh5 13. Bc1 Nhf6 14. e4
dxc4 15. Bb2 b5 16. Ne2 Nb6 17. Ne5 Nfd7 18. bxc4 bxc4 19. Ng4 Nf6 20. Ne3
Rb8 21. a4 Nbd7 22. Bc3 Bb4 23. Rab1 Qe7 24. Bxb4 Rxb4 25. Rxb4 Qxb4 26.
Rb1 Qa5 27. Nxc4 Bxc4 28. Qxc4 Rc8 29. e5 Nd5 30. Bxd5 exd5 31. Qc2 Nf8 32.
Nf4 g6 33. h4 Qc7 34. Qe2 Rb8 35. Rc1 Qd7 36. a5 Rb5 37. Qd2 h5 38. Qc3 Ne6
39. Nxe6 Qxe6 40. Kg2 Kg7 41. Qxc6 Qxc6 42. Rxc6 Rxa5 43. Rd6 Kf8 44. Kf3
Ke7 45. Kf4 Rb5 46. Ra6 Rb4 47. Rxa7+ Ke6 48. Ra6+ Ke7 49. Kg5 Rxd4 50. Kh6
Rg4 51. Rd6 d4 52. Kg7 g5 53. hxg5 Rxg5+ 54. Kh7 h4 55. gxh4 Rh5+ 56. Kg7
Rxh4 57. Ra6 Rg4+ 58. Kh7 Rh4+ 59. Kg7 Rg4+ 60. Kh7 Rf4 61. Kh6 f6 62. Ra7+
Ke6 63. exf6 Rxf6+ 64. Kg5 Rxf2 65. Ra5 d3 66. Ra3 d2 67. Rd3 Rf5+ 0-1

[Event "3rd Julian Borowski A"]
[Site "Essen GER"]
[Date "2001.05.09"]
[Round "7"]
[White "Lutz,C"]
[Black "Bischoff,K"]
[Result "1/2-1/2"]
[WhiteElo "2614"]
[BlackElo "2533"]
[EventDate "2001.05.02"]

1. e4 c5 2. Nf3 e6 3. d4 cxd4 4. Nxd4 a6 5. Bd3 Ne7 6. O-O Nbc6 7. Nb3 g6
8. Nc3 Bg7 9. Bf4 Ne5 10. Be2 f5 11. Bg5 Nf7 12. Be3 fxe4 13. Nxe4 d5 14.
Nc3 Nf5 15. Bc5 b6 16. Bb4 Ne5 17. Nd2 Bb7 18. Re1 Qc7 19. a4 Nd4 20. Bf1
Bf8 21. Bxf8 Rxf8 22. h3 O-O-O 23. Ne2 Ndc6 24. Nc1 Qf7 25. Qe2 1/2-1/2

[Event "3rd Julian Borowski A"]
[Site "Essen GER"]
[Date "2001.05.09"]
[Round "7"]
[White "Nijboer,F"]
[Black "Jussupow,A"]
[Result "1/2-1/2"]
[WhiteElo "2580"]
[BlackElo "2645"]
[EventDate "2001.05.02"]

1. e4 e5 2. Nf3 Nf6 3. Nxe5 d6 4. Nf3 Nxe4 5. d4 d5 6. Bd3 Nc6 7. O-O Be7
8. c4 Nf6 9. Nc3 Be6 10. cxd5 Nxd5 11. Re1 O-O 12. a3 Bf6 13. Be4 h6 14.
Bc2 Nde7 15. Be3 Nf5 16. Bxf5 Bxf5 17. d5 Ne5 18. Nxe5 Bxe5 19. Bd4 1/2-1/2

[Event "3rd Julian Borowski A"]
[Site "Essen GER"]
[Date "2001.05.09"]
[Round "7"]
[White "Dautov,R"]
[Black "Romanishin,O"]
[Result "1-0"]
[WhiteElo "2631"]
[BlackElo "2559"]
[EventDate "2001.05.02"]

1. d4 Nf6 2. c4 e6 3. Nf3 b6 4. g3 Ba6 5. b3 Bb7 6. Bg2 Bb4+ 7. Bd2 a5 8.
O-O O-O 9. Qc2 d6 10. Nc3 Nbd7 11. Rfe1 Bxc3 12. Bxc3 Be4 13. Qc1 h6 14.
Bh3 Bh7 15. Nd2 Ne4 16. Nxe4 Bxe4 17. f3 Bh7 18. e4 a4 19. Qb2 Qe7 20. b4
a3 21. Qb3 Rfd8 22. Rad1 Nf6 23. b5 Nd7 24. Bb4 e5 25. dxe5 Qxe5 26. Bxa3
Nc5 27. Qe3 Na4 28. Bb4 Kh8 29. Rd5 Qb2 30. a3 f6 31. f4 Qc2 32. Rd4 Nc5
33. Bg2 Re8 34. e5 Rad8 35. Rd2 Qxc4 36. Bc6 fxe5 37. Bxe8 Rxe8 38. Bxc5
bxc5 39. b6 cxb6 40. Rxd6 e4 41. Rxb6 Rd8 42. Rc6 Qa2 43. Rxc5 Rd2 44. Rc8+
Bg8 45. Qxe4 Rxh2 46. Qf3 Rd2 47. f5 Qb2 48. Qa8 1-0

[Event "3rd Julian Borowski A"]
[Site "Essen GER"]
[Date "2001.05.09"]
[Round "7"]
[White "Kasimdzhanov,R"]
[Black "Gurevich,M"]
[Result "1-0"]
[WhiteElo "2693"]
[BlackElo "2688"]
[EventDate "2001.05.02"]

1. d4 Nf6 2. c4 e6 3. g3 Bb4+ 4. Bd2 Bxd2+ 5. Nxd2 Nc6 6. e3 O-O 7. Bg2 e5
8. d5 Nb4 9. Qb1 c6 10. a3 Na6 11. Ne2 cxd5 12. cxd5 d6 13. Nc3 Bg4 14. O-O
Rc8 15. Rc1 Qd7 16. Qd3 Qe7 17. e4 Bd7 18. Qe3 Ra8 19. h3 h6 20. b4 Nh7 21.
Nc4 Rfc8 22. Na5 Rcb8 23. Qd3 Nc7 24. Rc2 h5 25. Rac1 h4 26. Ne2 Ne8 27.
Kh2 hxg3+ 28. fxg3 Qg5 29. Ng1 Qh6 30. Qd2 g5 31. Nc4 f5 32. exf5 Bxf5 33.
Rc3 Nef6 34. Ne3 Bxh3 35. Nxh3 g4 36. Qe2 gxh3 37. Nf5 Qg5 38. Bxh3 Kh8 39.
Nxd6 Rf8 40. Rc8 Raxc8 41. Rxc8 Ng4+ 42. Qxg4 Qd2+ 43. Bg2 Qh6+ 44. Qh4
Qxd6 45. Be4 1-0